Pokémon - Les attaques de Terrakium - Statistiques

Statistiques générales
  • Ce quiz a été pris 14 fois
  • Le résultat moyen est 9 sur 14
Statistiques - réponses
Niveaux Types Noms des attaques % Correct
Niveau 70 Combat Close Combat
100%
Niveau 35 Roche Éboulement
89%
Niveau 63 Roche Lame de Roc
89%
Niveau 49 Combat Lame Sainte
78%
Départ Normal Vive-Attaque
78%
Niveau 7 Roche Anti-Air
67%
Niveau 42 Normal Bélier
67%
Niveau 56 Normal Danse Lames
67%
Niveau 21 Combat Double Pied
67%
Niveau 14 Combat Prévention
67%
Départ Normal Groz'Yeux
56%
Niveau 28 Normal Vengeance
44%
Départ Normal Coup d'Main
33%
Départ Normal Rengorgement
22%
Aucun quiz correspondant
Distribution des résultats
% des personnes avec chaque résultat
Percentile par nombre de réponses
Votre historique - résultats
Vous n’avez pas pris ce quiz